01373nam a2200337 a 450000100060000000300080000600500170001400800410003103500200007203500200009203500170011204000270012904100080015608200220016410000420018624500560022826000590028430000290034349000400037250000280041250400300044065000220047065000400049274000190053283000490055194200120060099900170061295201360062995201360076595201340090151086BD-RjUL20211209075616.0160829t19651951njua b 001 0 eng d a(BD-RjUL) 51206 a(OCoLC)03902306 aGLIS00269231 aIARcIARdBD-RjULbeng aeng 223a514bSTT 19651 aSteenrod, Norman d1910-1971.915282014aThe topology of fibre bundles /cNorman, Steenrod  aPrinceton :bPrinceton University,c1951[Printing1965] a229 p. :bill. ;c24 cm.1 aPrinceton mathematical series ;v14 aAppendix added in 1957. aBibliography: p. 223-227. 0aTopology.9152821 0aFiber bundles (Mathematics)91512410 aFibre bundles. 0aPrinceton mathematical series ;v14.9153220 2ddccBK c51086d51086 00102ddc40708NFICaRUCLbRUCLcStackd1980-12-01eM.Sharfaddag40.00l0o514 STT 1965r2016-08-29 00:00:00tC-2w2021-12-09yBK 00102ddc40708NFICaRUCLbRUCLcStackd1962-01-04eM.H. ranhang40.00l0o514 STT 1951r2016-08-29 00:00:00tC-3w2021-12-09yBK 00102ddc40718NFICaRUCLbRUCLcReadingd1955-07-21eU. B. Dg20.00l0o514 STT 1965r2017-04-18 00:00:00tC-1w2017-04-18yBK